NUTRITION HANDBOOK (Record no. 19798)

MARC details
000 -LEADER
fixed length control field 00294nam a22001337a 4500
003 - CONTROL NUMBER IDENTIFIER
control field SGT
020 ## - INTERNATIONAL STANDARD BOOK NUMBER
International Standard Book Number 9781632422996
082 ## - DEWEY DECIMAL CLASSIFICATION NUMBER
Classification number 613.20
Item number N15C
100 ## - MAIN ENTRY--PERSONAL NAME
Personal name CRAFT, ALISON, ED.
245 ## - TITLE STATEMENT
Title NUTRITION HANDBOOK
260 ## - PUBLICATION, DISTRIBUTION, ETC. (IMPRINT)
Name of publisher, distributor, etc FOSTER ACADEMICS, NEW JERSEY
Year of Publication 201
300 ## - PAGE DESCRIPTION
No. of Pages 189
942 ## - ADDED ENTRY ELEMENTS (KOHA)
Source of classification or shelving scheme Dewey Decimal Classification
Koha item type Books
Holdings
Withdrawn status Lost status Source of classification or shelving scheme Damaged status Use restrictions Not for loan Collection code Home library Current library Shelving location Date acquired Vendor Name Cost, normal purchase price SGTU Bill Number Full call number Accession No. (Barcode) Date last seen Bill Date Koha item type
    Dewey Decimal Classification   Restricted Access   AYURVEDA SGT FA-FP Library SGT FA-FP Library Reference Book 06/03/2020 AHUJA PUBLICATION 0.00 SGTU 11971 613.20 N15C FA10387 06/03/2020 22/02/2020 Books